İÇİMİZDEKİ YILDIZLAR (Record no. 1223568)

MARC details
000 -LEADER
sabit uzunluktaki kontrol alanı 00241nam a2200097Ia 4500
001 - KONTROL NUMARASI
kontrol alanı 1223568
005 - EN SON İŞLEMİN TARİH VE ZAMANI
kontrol alanı 20251205152930.0
008 - SABİT-UZUNLUKTA VERİ ÖĞELERİ--GENEL BİLGİ
sabit uzunluktaki kontrol alanı 250824s9999 xx 000 0 und d
245 #0 - ESER / YAZAR
ESER ADI İÇİMİZDEKİ YILDIZLAR
Yazar Adı EMEL CAN
260 ## - YAYIN, DAĞITIM, VB.
YAYIN EVİ ATLIKARINCA
Holdings
Düşüm durumu Kayıp durumu Sınıflandırma Kaynağı veya raf şeması Hasar Durumu Ödünç verilmez Ana kütüphane Geçerli Kütüphane Edinilen tarih Toplam ödünç verme sayısı Tam yer numarası Barkod Son görüntüleme tarihi Son ödünç verme tarihi Fiyatın geçerli olmaya başladığı tarih Koha materyal türü
    Dewey Ondalık Sınıflama     SELÇUKLU BELEDİYESİ ORTAOKULU SELÇUKLU BELEDİYESİ ORTAOKULU 24.08.2025 3 Ü5 105810967 13.04.2026 03.04.2026 27.08.2025 Books